LEADER 00940cam2-2200325---450- 001 990004354820403321 005 20080523120330.0 010 $a0-12-613522-3 035 $a000435482 035 $aFED01000435482 035 $a(Aleph)000435482FED01 035 $a000435482 100 $a19990604d1989----km-y0itay50------ba 101 0 $aeng 102 $aUS 105 $ay-------001yy 200 1 $aStructure and case marking in japanese$fShigeru Miyagawa 210 $aSan Diego$cAcademic press$dc1989 215 $aXVI, 259 p.$d24 cm 461 0$1001000416994$12001$aSyntax and semantics$v22 610 0 $aLingua giapponese$aGrammatica 676 $a495.65 700 1$aMiyagawa,$bShigeru$0173911 801 0$aIT$bUNINA$gRICA$2UNIMARC 901 $aBK 912 $a990004354820403321 952 $a415 KIM 1(22)$bBibl.15981$fFLFBC 959 $aFLFBC 996 $aStructure and case marking in japanese$9540415 997 $aUNINA